| 000 | 00350nam a22001457a 4500 | ||
|---|---|---|---|
| 020 | _a978-0-19-806464-0 | ||
| 082 |
_a030 _bSEE/O |
||
| 100 | _aSEELY, JOHN | ||
| 245 | _aOXFORD A-Z OF GRAMMAR & PUNCTUATION | ||
| 250 | _aFIRST EDITION | ||
| 260 |
_aDELHI _bOXFORD UNIVERSITY PRESS _c2010 |
||
| 300 | _a148 | ||
| 650 |
_aDICTIONARY _zINDIA |
||
| 942 | _cBK | ||
| 999 |
_c1751 _d1751 |
||